01295nam a22002897a 4500003000500000005001700005008004100022020002900063040001900092041001200111082001300123100003200136245004000168250005100208260006100259300006200320500019000382521002800572648001800600650001800618700004500636700004200681942003300723999001900756952011800775952011200893322820260415132216.0251015b sa ||||| |||| 00| 0 eng d a9781649217134qpaperback ardac3228erda aEnglish 0aEJF SUTH 9197135aSutherland, Paul H  aSharon's songc Sutherland, Paul H. a3rd edition.bTabitha, Mpamira-Kaguri (editor) a[Cape Town, South Africa]: bThe Bindery Shoppe,c 2020. a48 pages:b illustrations, notated music;c 29 centimetre aTitle from cover page. Includes sheet music on verso cover page for: Twinkle, twinkle, little star; Row, row, row your boat; Down by the bay; Ring around the rosie. Includes glossary. aEnglish junior fiction. 2Sharon's Song 2Sharon's Song 9197137a Mpamira-Kaguri, Tabithaeeditor 9197138a Daniel, Muwangaeillustrator 2ddccBKy416zYoliswa Sabana c787394d787393 00102ddc40708FaMBOMRLbMASOLcFICd2025-10-15g265.95oEJF SUTHp3228200052042r2025-10-15w2025-10-15yBOOK 00102ddc40708FaMBOMLbMBOMLcCHILDd2026-04-15l0oEJF SUTHp3228200051686r2026-04-15w2026-04-15yBK